<?xml version="1.0" encoding="UTF-8"?>
<record
    xmlns:xsi="http://www.w3.org/2001/XMLSchema-instance"
    xsi:schemaLocation="http://www.loc.gov/MARC21/slim http://www.loc.gov/standards/marcxml/schema/MARC21slim.xsd"
    xmlns="http://www.loc.gov/MARC21/slim">

  <leader>00939na  a2200265   4500</leader>
  <controlfield tag="001">23089</controlfield>
  <controlfield tag="003">MIRAKIL</controlfield>
  <controlfield tag="005">20181213154803.0</controlfield>
  <controlfield tag="008">170630b        tu            000 0      </controlfield>
  <datafield tag="040" ind1=" " ind2=" ">
    <subfield code="a">Milas</subfield>
    <subfield code="b">tur</subfield>
    <subfield code="c">TR-AnCHP</subfield>
  </datafield>
  <datafield tag="041" ind1=" " ind2=" ">
    <subfield code="a">tur</subfield>
  </datafield>
  <datafield tag="082" ind1=" " ind2=" ">
    <subfield code="a">939.10283</subfield>
    <subfield code="b">A64a 1937</subfield>
  </datafield>
  <datafield tag="090" ind1=" " ind2=" ">
    <subfield code="a">939.10283 A64a 1937</subfield>
  </datafield>
  <datafield tag="100" ind1=" " ind2=" ">
    <subfield code="a">Ar&#x131;k, Remzi O&#x11F;uz</subfield>
  </datafield>
  <datafield tag="245" ind1=" " ind2=" ">
    <subfield code="a">T&#xFC;rk tarih kurumu taraf&#x131;ndan yap&#x131;lan alacah&#xF6;y&#xFC;k hafriyat&#x131;</subfield>
    <subfield code="b">1935'deki &#xE7;al&#x131;&#x15F;malara ve ke&#x15F;iflere ait ilk rapor</subfield>
    <subfield code="c">Remzi O&#x11F;uz Ar&#x131;k</subfield>
  </datafield>
  <datafield tag="246" ind1=" " ind2=" ">
    <subfield code="a">1935'deki &#xE7;al&#x131;&#x15F;malara ve ke&#x15F;iflere ait ilk rapor</subfield>
  </datafield>
  <datafield tag="260" ind1=" " ind2=" ">
    <subfield code="a">Ankara</subfield>
    <subfield code="b">T&#xFC;rk Tarih Kurumu</subfield>
    <subfield code="c">1937</subfield>
  </datafield>
  <datafield tag="300" ind1=" " ind2=" ">
    <subfield code="a">113 , ccxcv&#x131; s.</subfield>
    <subfield code="b">fot&#x11F;.</subfield>
    <subfield code="c">30 sm.</subfield>
  </datafield>
  <datafield tag="490" ind1=" " ind2=" ">
    <subfield code="a">T&#xFC;rk Tarih Kurumu Yay&#x131;nlar&#x131; </subfield>
    <subfield code="v">V. seri - No 1</subfield>
  </datafield>
  <datafield tag="504" ind1=" " ind2=" ">
    <subfield code="a">Dizin var.</subfield>
  </datafield>
  <datafield tag="650" ind1=" " ind2=" ">
    <subfield code="a">Alacah&#xF6;y&#xFC;k</subfield>
    <subfield code="x">Eski &#xE7;a&#x11F; tarihi</subfield>
  </datafield>
  <datafield tag="650" ind1=" " ind2=" ">
    <subfield code="a">Arkeoloji</subfield>
    <subfield code="x">Alacah&#xF6;y&#xFC;k</subfield>
    <subfield code="y">T&#xFC;rkiye</subfield>
  </datafield>
  <datafield tag="740" ind1=" " ind2=" ">
    <subfield code="a">1935'deki &#xE7;al&#x131;&#x15F;malara ve ke&#x15F;iflere ait ilk rapor</subfield>
  </datafield>
  <datafield tag="942" ind1=" " ind2=" ">
    <subfield code="2">dcc</subfield>
    <subfield code="c">BKS</subfield>
  </datafield>
  <datafield tag="952" ind1=" " ind2=" ">
    <subfield code="a">0001</subfield>
    <subfield code="b">0001</subfield>
    <subfield code="d">2017-06-30</subfield>
    <subfield code="e">2</subfield>
    <subfield code="h">c.3</subfield>
    <subfield code="l">0</subfield>
    <subfield code="o">939.10283 A64a 1937</subfield>
    <subfield code="p">017059</subfield>
    <subfield code="r">2017-06-30 00:00:00</subfield>
    <subfield code="v">0.00</subfield>
    <subfield code="w">2017-06-30</subfield>
    <subfield code="y">BKS</subfield>
  </datafield>
  <datafield tag="999" ind1=" " ind2=" ">
    <subfield code="c">852</subfield>
    <subfield code="d">852</subfield>
  </datafield>
</record>
